000 00839nam a22001817a 4500
008 111114s1947 ua|||||r|||| 000 0 ara d
082 _222
_a616.69
_bد ي ك
100 _927733
_aالديك ، موريس ابراهيم
245 _aالاضطرابات الجنسية :
_bعند الرجل والمرأة /
_cموريس ابراهيم الديك
260 _aالقاهرة :
_bمطبعة الاعتماد، 1947
_c1947
300 _a371 ص ؛
_c22 سم
504 _aيشتمل على إرجاعات ببليوجرافية ص 369-371
650 _927732
_aالضعف الجنسي
650 _927731
_aالاضطراب الجنسي
653 _bGeneral
_cNovember2011
942 _2ddc
_cBB
999 _c16201
_d16201